000 00458nam a22001697a 4500
003 NUST - PNEC
005 20170116181030.0
008 150919b xxu||||| |||| 00| 0 eng d
020 _a0749313307
040 _cLIBRARY
082 _a811.52 SHE
100 _911063
_aSherfan, Andrew Dib
245 _aA third treasury of Kahlil Gibran
_cAndrew Dib Sherfan
260 _cc.1975
650 _911064
_aGibran, Kahlil, 1883-1931
_xLiterature
942 _2ddc
_cBK
999 _c67723
_d67723